| 000 | 00517nam a2200181Ia 4500 | ||
|---|---|---|---|
| 005 | 20250326142616.0 | ||
| 008 | 250326s9999 xx 000 0 und d | ||
| 037 | _aTextbook | ||
| 040 |
_aFMSL _beng _cFMSL |
||
| 041 |
_aeng _2eng |
||
| 084 |
_aB28 K6 _qFMSL |
||
| 100 |
_aSmith AH _9746305 |
||
| 245 | 0 |
_aFundamental Concepts of analysis _cSmith Ah; Albrecht Wa |
|
| 260 |
_aNew Delhi _bNew Delhi, Prentice -Hall of India _c1966 |
||
| 300 | _a199p | ||
| 942 |
_cTB _hB28 K6 |
||
| 999 |
_c1295808 _d1295808 |
||